000 00733nam a2200253Ia 4500
003 OSt
005 20221005044514.0
006 a|||||r|||| 00| 0
007 ta
008 221004b |||||||| |||| 00| 0 urd d
020 _cINR 300.00
024 _a68004
037 _b2379, 19/02/2020, M.R.Publications
_cTextual
040 _aCRL
_cCRL
_burd
041 _2urd
_aurd
082 _aO168,1:g, Q3
100 _aAzeez Ahsan Au.
_9592632
245 0 _aTumhara mujh se wada tha
260 _aIslamabad
_bMubashirrat Pakistan
_c2013
300 _a280p.
_ccm.
650 _aURDU POETRY
942 _hO168,1:g, Q3
_cTEXL
_2cc
999 _c953511
_d953511